| 000 | 00543 a2200205 4500 | ||
|---|---|---|---|
| 005 | 20260401120503.0 | ||
| 008 | 260324b |||||||| |||| 00| 0 eng d | ||
| 020 |
_a9788122439618 _cRs. 595.00 |
||
| 040 | _aMAIN | ||
| 082 |
_a647.95068 _bS75I(2) |
||
| 100 | _aSethi, Mohini | ||
| 245 | _aInstitutional food management | ||
| 250 | _a2nd | ||
| 260 |
_bNew Age International _c2025 _aNew Delhi |
||
| 300 | _axvii, 623 | ||
| 650 | _aHotel Management | ||
| 650 | _aInstitutional Food Services | ||
| 650 | _aFood Management | ||
| 942 | _cBK | ||
| 999 |
_c395621 _d395621 |
||